<?xml version="1.0" encoding="UTF-8"?>
<record
    xmlns:xsi="http://www.w3.org/2001/XMLSchema-instance"
    xsi:schemaLocation="http://www.loc.gov/MARC21/slim http://www.loc.gov/standards/marcxml/schema/MARC21slim.xsd"
    xmlns="http://www.loc.gov/MARC21/slim">

  <leader>00719nam a2200145   4500</leader>
  <controlfield tag="008">708 P152s</controlfield>
  <datafield tag="020" ind1=" " ind2=" ">
    <subfield code="a">9788417434007</subfield>
  </datafield>
  <datafield tag="082" ind1=" " ind2=" ">
    <subfield code="a">708</subfield>
    <subfield code="b">P152s</subfield>
  </datafield>
  <datafield tag="100" ind1=" " ind2=" ">
    <subfield code="a">Paienwonsky, Raquel</subfield>
    <subfield code="9">6656</subfield>
  </datafield>
  <datafield tag="245" ind1=" " ind2=" ">
    <subfield code="a">Soy mi propio paisaje</subfield>
  </datafield>
  <datafield tag="260" ind1=" " ind2=" ">
    <subfield code="a">Madrid</subfield>
    <subfield code="b">Centro Atl&#xE1;ntico de Arte Moderno</subfield>
    <subfield code="c">2018</subfield>
  </datafield>
  <datafield tag="300" ind1=" " ind2=" ">
    <subfield code="a">157 p.</subfield>
    <subfield code="b">ill (col)</subfield>
    <subfield code="c">24 x 18 cm</subfield>
  </datafield>
  <datafield tag="505" ind1=" " ind2=" ">
    <subfield code="t">Presentaci&#xF3;n</subfield>
    <subfield code="r">Orlando Britto Jinorio</subfield>
    <subfield code="t">Accesorios sint&#xE9;ticos, cuerpos infinitamente interconectados</subfield>
    <subfield code="r">Miguel A. L&#xF3;pez</subfield>
    <subfield code="t">Raquel Paiewonsky. Entre el cuerpo y el paisaje</subfield>
    <subfield code="r">Jos&#xE9; Manuel Noceda Fern&#xE1;ndez</subfield>
    <subfield code="t">Obras expuestas</subfield>
    <subfield code="t">Biograf&#xED;a</subfield>
    <subfield code="t">Cr&#xE9;ditos y agradecimientos</subfield>
  </datafield>
  <datafield tag="650" ind1=" " ind2=" ">
    <subfield code="x">arte contempor&#xE1;neo</subfield>
    <subfield code="x">exhibiciones</subfield>
    <subfield code="x">identidad femenina</subfield>
    <subfield code="x">escultura</subfield>
    <subfield code="x">fotograf&#xED;a</subfield>
    <subfield code="x">Rep&#xFA;blica Dominicana</subfield>
    <subfield code="9">6657</subfield>
  </datafield>
  <datafield tag="999" ind1=" " ind2=" ">
    <subfield code="c">1608</subfield>
    <subfield code="d">1608</subfield>
  </datafield>
  <datafield tag="952" ind1=" " ind2=" ">
    <subfield code="0">0</subfield>
    <subfield code="1">0</subfield>
    <subfield code="2">ddc</subfield>
    <subfield code="4">0</subfield>
    <subfield code="7">0</subfield>
    <subfield code="a">LV</subfield>
    <subfield code="b">LV</subfield>
    <subfield code="c">Eventos y Bienales</subfield>
    <subfield code="d">2018-09-06</subfield>
    <subfield code="l">0</subfield>
    <subfield code="o">708 P152s</subfield>
    <subfield code="p">002231</subfield>
    <subfield code="r">2018-09-06 00:00:00</subfield>
    <subfield code="w">2018-09-06</subfield>
    <subfield code="y">01</subfield>
  </datafield>
</record>
